ბათუმის შოთა რუსთაველის სახელმწიფო უნივერსიტეტის ბიბლიოთეკა

Построение геометрии на основе понятия симметрии (ბიბ.ჩანაწერი № 48060)

000 -LEADER
fixed length control field 00714nam a2200217Ia 4500
001 - CONTROL NUMBER
control field 14940
003 - CONTROL NUMBER IDENTIFIER
control field GE_BSU
008 - FIXED-LENGTH DATA ELEMENTS--GENERAL INFORMATION
fixed length control field 181216s||||||||xx |||||||||||||| ||und||
040 ## - CATALOGING SOURCE
Transcribing agency GE_BSU
080 ## - UNIVERSAL DECIMAL CLASSIFICATION NUMBER
Universal Decimal Classification number 514
100 ## - MAIN ENTRY--PERSONAL NAME
Personal name Бахман,Ф.
245 ## - TITLE STATEMENT
Title Построение геометрии на основе понятия симметрии
245 ## - TITLE STATEMENT
Statement of responsibility, etc. Под.ред.И.М.Яглома. Пер. с немецк. Р.И.Пименова
260 ## - PUBLICATION, DISTRIBUTION, ETC.
Place of publication, distribution, etc. Москва
260 ## - PUBLICATION, DISTRIBUTION, ETC.
Name of publisher, distributor, etc. Наука
260 ## - PUBLICATION, DISTRIBUTION, ETC.
Date of publication, distribution, etc. 1969
300 ## - PHYSICAL DESCRIPTION
Extent 379стр.22см.
300 ## - PHYSICAL DESCRIPTION
Accompanying material Библиогр. стр.377-379
653 ## - INDEX TERM--UNCONTROLLED
Uncontrolled term Построение геометрии на основе понятия симметрии
942 ## - ADDED ENTRY ELEMENTS (KOHA)
Koha item type წიგნი
ეგზემპლარები
Withdrawn status Lost status Damaged status Not for loan Date acquired Barcode Date last seen Price effective from Koha item type
        2018-12-17 17053 2018-12-17 2018-12-17 წიგნი
        2018-12-17 17054 2018-12-17 2018-12-17 წიგნი
        2018-12-17 15110 2018-12-17 2018-12-17 წიგნი
        2018-12-17 17034 2018-12-17 2018-12-17 წიგნი
        2018-12-17 17035 2018-12-17 2018-12-17 წიგნი
        2018-12-17 17036 2018-12-17 2018-12-17 წიგნი